[Event "AUTO-ADV-936"]
[Site "http://www.queenalice.com/game.php?id=416512"]
[Date "2008.6.12"]
[Round "1"]
[White "Marchess"]
[Black "garik"]
[Result "1-0"]
[WhiteElo "1984"]
[BlackElo "1787"]

1. e4 Nf6 2. e5 Nd5 3. d4 d6 4. f4 Bf5 5. Bd3 Bxd3 6. Qxd3 dxe5 7. fxe5 e6 8.
Nf3 Nc6 9. c4 Ndb4 10. Qd2 Nxd4 11. Nxd4 Qxd4 12. Qxd4 Nc2+ 13. Kf2 Nxd4 14. Nc3
1-0

[Event "Challenge"]
[Site "http://www.queenalice.com/game.php?id=418703"]
[Date "2008.6.16"]
[Round "-"]
[White "garik"]
[Black "REUSKING"]
[Result "0-1"]
[WhiteElo "1810"]
[BlackElo "1995"]

1. d4 d5 2. c4 e6 3. g3 Nf6 4. Nf3 Be7 5. Bg2 b6 6. O-O Bb7 7. b3 Nbd7 8. Qc2
O-O 9. Rd1 c5 10. Nc3 a6 11. cxd5 Nxd5 12. Nxd5 Bxd5 13. dxc5 Bxc5 14. Ng5 Nf6
15. Bb2 g6 16. Qc3 Be7 17. Ne4 Kg7 18. Nxf6 Bxf6 19. Qxf6+ Qxf6 20. Bxf6+ Kxf6
21. Bxd5 exd5 22. Rxd5 Kg7 23. Rad1 Rfe8 24. R1d2 Rac8 25. Kg2 Re6 26. f3 Rce8
27. e4 R8e7 28. g4 a5 29. h4 h6 30. a4 Rc7 31. Kg3 Rc3 32. R2d3 Rcc6 33. Kf4 Re7
34. Rd6 Rec7 35. Rxc6 Rxc6 36. Ke3 Re6 37. Kd4 Kf6 38. Kc4 Ke5 39. h5 g5 40.
Rd5+ Kf6 0-1

[Event "AUTO-OPEN-1057"]
[Site "http://www.queenalice.com/game.php?id=440417"]
[Date "2008.7.28"]
[Round "2"]
[White "Matrick"]
[Black "garik"]
[Result "1-0"]
[WhiteElo "2310"]
[BlackElo "1776"]

1. e4 Nf6 2. e5 Nd5 3. d4 d6 4. Nf3 dxe5 5. Nxe5 g6 6. Bc4 Bg7 7. Nxf7 Kxf7 8.
Qf3+ Bf6 9. Bxd5+ Kg7 10. Bxb7 Bxb7 11. Qxb7 Nd7 12. Qe4 c5 13. d5 1-0

[Event "AUTO-OPEN-1057"]
[Site "http://www.queenalice.com/game.php?id=440418"]
[Date "2008.7.28"]
[Round "2"]
[White "garik"]
[Black "Matrick"]
[Result "0-1"]
[WhiteElo "1719"]
[BlackElo "2351"]

1. d4 Nf6 2. c4 e6 3. g3 d5 4. Nf3 dxc4 5. Bg2 Nc6 6. Qa4 Bb4+ 7. Bd2 Nd5 8.
Bxb4 Nxb4 9. O-O Rb8 10. Na3 O-O 11. Qb5 a5 12. Qxc4 b6 13. Nb5 Ba6 14. a3 Qd5
15. Qxd5 Nxd5 16. a4 Bxb5 17. axb5 Na7 18. Ne5 Rbd8 0-1

[Event "AUTO-ADV-988"]
[Site "http://www.queenalice.com/game.php?id=441119"]
[Date "2008.7.30"]
[Round "1"]
[White "carpe_diem"]
[Black "garik"]
[Result "1-0"]
[WhiteElo "1851"]
[BlackElo "1786"]

1. e4 Nf6 2. e5 Nd5 3. d4 d6 4. c4 Nb6 5. f4 dxe5 6. fxe5 Nc6 7. Be3 Bf5 8. Nc3
e6 9. Nf3 Be7 10. Be2 O-O 11. O-O f6 12. Nh4 fxe5 13. dxe5 Bxh4 14. Rf4 Bg5 15.
Rf3 Bxe3+ 16. Rxe3 Qd4 17. Qc1 Nxe5 18. h3 Nexc4 19. Bxc4 Nxc4 20. Nd1 1-0

[Event "AUTO-ADV-988"]
[Site "http://www.queenalice.com/game.php?id=441120"]
[Date "2008.7.30"]
[Round "1"]
[White "garik"]
[Black "carpe_diem"]
[Result "0-1"]
[WhiteElo "1801"]
[BlackElo "1836"]

1. d4 d5 2. c4 c6 3. Nf3 Nf6 4. Nc3 dxc4 5. a4 Bf5 6. Ne5 Nbd7 7. Nxc4 Qc7 8. g3
e5 9. dxe5 Nxe5 10. Bf4 Nfd7 11. Bg2 Rd8 12. O-O Be7 13. Ne3 O-O 14. Nxf5 Bf6
15. Qc2 Rfe8 16. Rad1 Qa5 17. Nd6 Re6 18. Nxb7 Qc7 19. Nxd8 Bxd8 20. Qd2 Be7 0-1

[Event "AUTO-ADV-988"]
[Site "http://www.queenalice.com/game.php?id=441135"]
[Date "2008.7.30"]
[Round "1"]
[White "thw"]
[Black "garik"]
[Result "0-1"]
[WhiteElo "1899"]
[BlackElo "1731"]

1. e4 Nf6 2. e5 Nd5 3. c4 Nb6 4. d4 d6 5. f4 dxe5 6. fxe5 Nc6 7. Nf3 Bg4 8. Be3
e6 9. Nbd2 Bb4 10. Be2 Bxf3 11. Bxf3 Nxc4 12. Bxc6+ bxc6 13. Qe2 Nxd2 14. Bxd2
Qxd4 15. O-O-O O-O 0-1

[Event "AUTO-ADV-988"]
[Site "http://www.queenalice.com/game.php?id=441136"]
[Date "2008.7.30"]
[Round "1"]
[White "garik"]
[Black "thw"]
[Result "1-0"]
[WhiteElo "1754"]
[BlackElo "1915"]

1. d4 e6 2. c4 d5 3. g3 Nf6 4. Bg2 c6 5. Nf3 Bb4+ 6. Bd2 Qa5 7. O-O Bxd2 8.
Nbxd2 O-O 9. Qc2 Nbd7 10. e4 dxe4 11. Nxe4 Nxe4 12. Qxe4 Nf6 13. Qe2 Qh5 14. b4
b6 15. Rfe1 Bb7 16. Ne5 Qxe2 17. Rxe2 Rac8 18. b5 Ba8 19. bxc6 Rc7 20. d5 exd5
21. cxd5 Rd8 22. Rd2 Kf8 23. d6 Rcc8 24. c7 1-0

[Event "AUTO-ADV-988"]
[Site "http://www.queenalice.com/game.php?id=441147"]
[Date "2008.7.30"]
[Round "1"]
[White "garik"]
[Black "faver_154"]
[Result "0-1"]
[WhiteElo "1717"]
[BlackElo "1765"]

1. d4 d5 2. c4 c6 3. Nf3 Nf6 4. Nc3 Bf5 5. cxd5 Nxd5 6. Qb3 Nf6 7. Qxb7 Nbd7 8.
Qxc6 g6 9. e3 Bg7 10. Be2 O-O 11. O-O Nb6 12. e4 Rc8 13. Qb5 Bxe4 14. Be3 Bc6
0-1

[Event "AUTO-ADV-988"]
[Site "http://www.queenalice.com/game.php?id=441148"]
[Date "2008.7.30"]
[Round "1"]
[White "faver_154"]
[Black "garik"]
[Result "1-0"]
[WhiteElo "1779"]
[BlackElo "1703"]

1. d4 Nf6 2. c4 g6 3. Nc3 Bg7 4. e4 d6 5. Be2 O-O 6. Nf3 e5 7. d5 a5 8. Bg5 Na6
9. a3 Nc5 10. O-O a4 11. Nd2 Bd7 12. b4 axb3 13. Nxb3 Ba4 14. Nxa4 Nxa4 15. Qc2
1-0

[Event "AUTO-ADV-1002"]
[Site "http://www.queenalice.com/game.php?id=447863"]
[Date "2008.8.12"]
[Round "1"]
[White "garik"]
[Black "reibas"]
[Result "0-1"]
[WhiteElo "1750"]
[BlackElo "1610"]

1. d4 Nf6 2. c4 g6 3. Nc3 Bg7 4. e4 d6 5. Nf3 e6 6. Be2 Nc6 7. O-O e5 8. d5 Ne7
9. b4 h6 10. c5 dxc5 11. bxc5 O-O 12. Nd2 a6 13. Rb1 Ra7 0-1

[Event "AUTO-ADV-1002"]
[Site "http://www.queenalice.com/game.php?id=447864"]
[Date "2008.8.12"]
[Round "1"]
[White "reibas"]
[Black "garik"]
[Result "1-0"]
[WhiteElo "1632"]
[BlackElo "1728"]

1. e4 Nf6 2. Nc3 d5 3. exd5 Nxd5 4. Nxd5 Qxd5 5. Nf3 Bg4 6. Qe2 Nc6 7. a3 O-O-O
8. h3 Bxf3 9. Qxf3 e5 10. Qxd5 Rxd5 11. Bc4 Rd7 12. O-O Bd6 13. b4 1-0

[Event "AUTO-ADV-1002"]
[Site "http://www.queenalice.com/game.php?id=447865"]
[Date "2008.8.12"]
[Round "1"]
[White "garik"]
[Black "johnboy"]
[Result "0-1"]
[WhiteElo "1773"]
[BlackElo "1868"]

1. d4 Nf6 2. c4 g6 3. Nc3 d6 4. e4 Bg7 5. Nf3 O-O 6. Be2 c5 7. d5 e6 8. O-O b6
9. Bg5 Nbd7 10. dxe6 fxe6 11. Qxd6 Nb8 12. Qxd8 Rxd8 13. e5 Nbd7 14. exf6 Nxf6
15. Rad1 Bb7 16. Rxd8+ Rxd8 0-1

[Event "AUTO-ADV-1002"]
[Site "http://www.queenalice.com/game.php?id=447866"]
[Date "2008.8.12"]
[Round "1"]
[White "johnboy"]
[Black "garik"]
[Result "1-0"]
[WhiteElo "1880"]
[BlackElo "1761"]

1. d4 Nf6 2. c4 g6 3. Nc3 Bg7 4. Nf3 O-O 5. Bg5 d6 6. e3 Nbd7 7. Be2 e5 8. b4 c6
9. O-O Re8 10. Bd3 Qc7 11. Qc2 h6 12. Bh4 Nf8 13. c5 exd4 14. exd4 dxc5 15. Bg3
Qd8 16. bxc5 Bg4 17. Be5 Bxf3 18. gxf3 1-0

[Event "AUTO-ADV-1002"]
[Site "http://www.queenalice.com/game.php?id=447867"]
[Date "2008.8.12"]
[Round "1"]
[White "garik"]
[Black "Nemer"]
[Result "1-0"]
[WhiteElo "1708"]
[BlackElo "1447"]

1. d4 d5 2. c4 c6 3. Nf3 dxc4 4. a4 e6 5. Ne5 f6 6. Nxc4 Bb4+ 7. Nc3 Ne7 8. e4
O-O 9. Be2 e5 10. dxe5 Qxd1+ 11. Bxd1 1-0

[Event "AUTO-ADV-1002"]
[Site "http://www.queenalice.com/game.php?id=447868"]
[Date "2008.8.12"]
[Round "1"]
[White "Nemer"]
[Black "garik"]
[Result "0-1"]
[WhiteElo "1441"]
[BlackElo "1714"]

1. e4 Nf6 2. Nc3 d5 3. d4 dxe4 4. Bb5+ c6 5. Ba4 Bg4 6. f3 exf3 7. gxf3 Bf5 8.
Nge2 e6 9. Bg5 Nbd7 10. Qd2 Be7 0-1

[Event "AUTO-OPEN-3194"]
[Site "http://www.queenalice.com/game.php?id=1258725"]
[Date "2014.2.21"]
[Round "1"]
[White "umx80"]
[Black "garik"]
[Result "1-0"]
[WhiteElo "1396"]
[BlackElo "1661"]

1. e4 c5 2. Nf3 Nc6 3. Nc3 Nf6 4. Bb5 g6 5. O-O Bg7 6. d3 O-O 7. Re1 Nd4 8. Nxd4
cxd4 9. Nd5 a6 10. Ba4 b5 11. Nxf6+ Bxf6 12. Bb3 1-0

[Event "AUTO-OPEN-3194"]
[Site "http://www.queenalice.com/game.php?id=1258726"]
[Date "2014.2.21"]
[Round "1"]
[White "garik"]
[Black "umx80"]
[Result "0-1"]
[WhiteElo "1661"]
[BlackElo "1433"]

1. e4 e5 2. Nf3 Nc6 3. d4 d6 4. Bb5 Bd7 5. Nc3 Nf6 6. O-O a6 7. Ba4 Be7 8. d5
Nb4 9. Bxd7+ Qxd7 10. a3 Nxc2 11. Qxc2 O-O 12. Bg5 Qg4 0-1

[Event "AUTO-OPEN-3194"]
[Site "http://www.queenalice.com/game.php?id=1258755"]
[Date "2014.2.21"]
[Round "1"]
[White "garik"]
[Black "Apatride"]
[Result "0-1"]
[WhiteElo "1688"]
[BlackElo "2389"]

1. e4 Nh6 2. d4 g6 3. Nf3 Bg7 4. Bf4 d6 5. h3 f5 6. Nc3 fxe4 7. Nxe4 Rf8 8. Qd2
Nf7 9. O-O-O h6 10. Bd3 g5 11. Bg3 Nc6 12. Rhe1 a5 13. Kb1 Nb4 14. Bb5+ c6 15.
Bf1 Bf5 0-1

[Event "AUTO-OPEN-3194"]
[Site "http://www.queenalice.com/game.php?id=1258756"]
[Date "2014.2.21"]
[Round "1"]
[White "Apatride"]
[Black "garik"]
[Result "1-0"]
[WhiteElo "2388"]
[BlackElo "1690"]

1. Na3 e5 2. Nc4 Nc6 3. e4 Nf6 4. d3 d5 5. exd5 Nxd5 6. c3 Be7 7. Qe2 O-O 8. Nf3
Bg4 9. h3 Bxf3 10. Qxf3 Re8 11. h4 Bf6 12. g3 1-0